000 00665nam a2200205 i 4500
001 28065
003 ES-MaACL
007 t|
008 030116s1979 xxk ||||1| eng d
020 _a0-289-70869-9
100 1 _aBangert, Albercht.
_925198
245 1 0 _aGlass
_b: art nouveau and art deco /
_cAlbrecht Bangert ; [translation Dan Klein].
260 _aLondon :
_bStudio Vista,
_c[1979]
300 _a160 p. :
_bil. ;
_c20 cm.
490 1 _aChristie's South Kensington collectors'guides
700 1 _aKlein, Dan.
_968207
830 0 _aChristie's South Kensington collectors'guides
_9182011
852 _aES-MaACL
_jL-8849
_bR.109195
999 _c28065
_d28065